00506nam a22001697a 450000500170000001000140001702000230003103500140005403700130006808200140008110000240009524500770011926000620019627000480025830000240030676000060033020240301162704.0 aEN-139430 a9788191067385c595 aEN-122962 bDBAD/PUB a20021b1 aVrekhem,Georges Van aEvolution Religion And The Unknown God/cBy Georges Van VrekhemhEnglish aNew DelhibAn Imprint of Manjul Publishing Pvt. Ltdc2011 a Jor Bagh Lane New DelhibNew Delhie110003 a292Pagesc24.cm pbk b1